000 00308nam a22001337a 4500
008 170616b xxu||||| |||| 00| 0 eng d
020 _a9781568026268
041 _aeng
080 _a327
100 _a20
101 _aSHP
245 _aFOREIGN IN COMPARATIVE PERSPECTIVE
_cBEASLEY.R.K
942 _2udc
_cBK
999 _c17941
_d17941